000 00842cab a2200241 4500
001 WB3348-43
008 090401t1997 xxu||||| |||| 00| 0 eng d
035 _a(Sirsi) u82546
041 _aeng
245 _aCorporate role widens
260 _c1997
350 _a0
490 _aProperty Week
_v61(10) 5 December 1997, 2(1)
520 _aA study by the University of Reading has found that the role of corporate real estate managers is widening as their responsibilities increase, despite a drop in the amount of real estate they manage.
650 _aESTATE MANAGEMENT
650 _aFACILITIES MANAGEMENT
_96240
650 _aProperty management
_96262
650 _aPROPERTY PORTFOLIOS
650 _aUNIVERSITY OF READING
690 _aMANAGEMENT-BUSINESS MANAGEMENT-PROFESSIONAL PRACTICE
942 _n0
948 _c09/12/1997
999 _c52120
_d52120